SEC Stadiums - Sudden Death - Statistics

General Stats
  • This quiz has been taken 65 times
  • The average score is 5 of 16
Answers on the Grid
Answers color-coded by a green-red scale on the quiz's grid according to % correct below.
Bryant–Denny Stadium
Donald W. Reynolds Razorback Stadium
Stanford Stadium
Jordan-Hare Stadium
Ben Hill Griffin Stadium
Sanford Stadium
Kroger Field
Memorial Stadium
Davis Wade Stadium
Faurot Field
Gaylord Family Oklahoma Memorial Stadium
Bobby Bowden Field at Doak Campbell Stadium
Vaught–Hemingway Stadium
Rose Bowl
Neyland Stadium
Darrell K Royal–Texas Memorial Stadium
Lane Stadium
Kyle Field
FirstBank Stadium
Tiger Stadium
Legion Field
Camping World Stadium
Williams–Brice Stadium
Protective Stadium
 
Answer Stats
Answer % Correct
Bryant–Denny Stadium
92%
Donald W. Reynolds Razorback Stadium
77%
Gaylord Family Oklahoma Memorial Stadium
38%
Jordan-Hare Stadium
31%
Kroger Field
31%
Sanford Stadium
31%
Ben Hill Griffin Stadium
23%
Kyle Field
23%
Tiger Stadium
23%
Williams–Brice Stadium
23%
Darrell K Royal–Texas Memorial Stadium
15%
Davis Wade Stadium
15%
Neyland Stadium
15%
Faurot Field
8%
FirstBank Stadium
8%
Vaught–Hemingway Stadium
8%
No matching quizzes found
Score Distribution
Percent of People with Each Score
Percentile by Number Answered
Your Score History
You have not taken this quiz